| 000 | 00388cam a2200157ua 4500 | ||
|---|---|---|---|
| 041 |
_aeng _h |
||
| 082 |
_a657.2 _bBAH/SE |
||
| 100 | _aBahl, J.C . | ||
| 245 |
_aSecretarial Practice in India / _cJ.C.Bahl. _hTextual Documents |
||
| 250 |
_a7 / _b. |
||
| 260 |
_aBombay : _bN.N.Tripathi private limited , _c1964. |
||
| 300 | _a714 ; . | ||
| 504 | _a | ||
| 942 | _cBK | ||
| 999 |
_c776 _d776 |
||